000 00439nam a2200217Ia 4500
003 IT-RoPAU
008 120407s9999 xx 000 0 und d
040 _aIT-RoPAU
040 _cIT-RoPAU
041 _aita
100 _aDussane
245 _aCas de conscience du comédie
250 _aParis
260 _aFleurus
260 _c1960
300 _a107 p.
300 _c18,5 cm
490 _v1
942 _cBK
999 _c24215
_d24215